|
|
|
|
| LEADER |
00895nam a2200229 4500 |
| 001 |
c000209059 |
| 003 |
CARM |
| 005 |
20021125002100.0 |
| 008 |
880304r 1933wb 00000 ger d |
| 019 |
1 |
|
|a 4969251
|5 LACONCORD2021
|
| 035 |
|
|
|a (OCoLC)219856210
|5 LACONCORD2021
|
| 040 |
|
|
|a NUN
|c NUN
|
| 100 |
1 |
|
|a Ringer, Alfred.
|
| 245 |
1 |
0 |
|a Handel und Aussenhandel :
|b Neubau des Aussenhandels im nationalsozialistischen Deutschland /
|c von Alfred Ringer.
|
| 260 |
|
|
|c [19--]
|
| 300 |
|
|
|a 54 p.
|
| 500 |
|
|
|a Reprint. Originally published: Berlin : Siemens, 1933.
|
| 651 |
|
0 |
|a Germany
|x Commerce
|x History.
|
| 651 |
|
0 |
|a Germany
|x Economic conditions
|y 1918-1945.
|
| 852 |
8 |
|
|b CARM
|h A2:AN36A0
|i B06436
|p 0299017
|f BK
|
| 999 |
f |
f |
|i 8e787138-182a-5bec-8c08-db1e40a410b2
|s cd404aa8-58d7-5944-8432-a973881eab7c
|
| 952 |
f |
f |
|p Can circulate
|a CAVAL
|b CAVAL
|c CAVAL
|d CARM 1 Store
|e B06436
|f A2:AN36A0
|h Other scheme
|i book
|m 0299017
|